[Event "DEM U12w 2016"]
[Site "Willingen GER"]
[Date "2016.05.15"]
[Round "2"]
[White "Ziegenfuß, Antonia"]
[Black "Gehrke, Gina Celina"]
[Result "1-0"]
[Termination "normal"]
[Board "3"]
[WhiteElo "1560"]
[BlackElo "1519"]
[WhiteClock "00:38:23"]
[BlackClock "01:05:39"]
[PlyCount "77"]
[WhiteFideId "12962554"]
[BlackFideId "16205979"]
[EventCountry "GER"]
[EventRounds "11"]
[EventType "swiss"]
[EventDate "2016.05.14"]

1. e4 c5 2. Nf3 g6 3. d4 cxd4 4. Nxd4 Bg7 5. c4 Nc6 6. Be3 e6 7. Nc3 a6 8. Be2
Nge7 9. O-O O-O 10. f3 d5 11. Nxc6 bxc6 12. cxd5 cxd5 13. exd5 Nxd5 14. Nxd5
Qxd5 15. Qxd5 exd5 16. Rab1 Bf5 17. Rbd1 Rfd8 18. Bd4 Bc2 19. Rd2 Ba4 20. Bxg7
Kxg7 21. Rd4 Bb5 22. Bxb5 axb5 23. a3 Rac8 24. Rfd1 Rc2 25. R4d2 Rxd2 26. Rxd2
Kf6 27. Kf2 Ke6 28. Ke3 Rc8 29. Kd3 Rc4 30. Re2+ Kf5 31. Re7 f6 32. Rxh7 b4 33.
Ra7 b3 34. Re7 g5 35. Re2 g4 36. Rf2 gxf3 37. Rxf3+ Ke5 38. Rf2 f5 39. g3 1-0

[Event "DEM U12w 2016"]
[Site "Willingen GER"]
[Date "2016.05.15"]
[Round "2"]
[White "Liu, Sijia Anna"]
[Black "Brunner, Sophia"]
[Result "0-1"]
[Termination "normal"]
[Board "4"]
[WhiteElo "1357"]
[BlackElo "1602"]
[WhiteClock "00:09:28"]
[BlackClock "00:12:07"]
[PlyCount "138"]
[WhiteFideId "12989746"]
[BlackFideId "12960683"]
[EventCountry "GER"]
[EventRounds "11"]
[EventType "swiss"]
[EventDate "2016.05.14"]

1. e4 e5 2. Nf3 Nf6 3. Nxe5 d6 4. Nf3 Nxe4 5. Nc3 Nxc3 6. dxc3 Be7 7. Be3 Nd7
8. Qd2 Nb6 9. Bd3 Be6 10. a3 Qd7 11. O-O-O Bf6 12. Qe2 O-O-O 13. Nd4 Bxd4 14.
Bxd4 f6 15. h3 Qf7 16. Rhe1 Rde8 17. Qf3 Kb8 18. Bf5 Bxf5 19. Qxf5 h6 20. Qd3
Qh5 21. Bxb6 axb6 22. Kd2 Qg5+ 23. Re3 Qxg2 24. Qe2 Qg5 25. Re1 Re5 26. Kd1
Rhe8 27. Rxe5 Rxe5 28. Qc4 Rxe1+ 29. Kxe1 Qc1+ 30. Ke2 Qxc2+ 31. Kf3 Qf5+ 32.
Kg3 Qg5+ 33. Kf3 c6 34. Qg8+ Ka7 35. Qe6 d5 36. c4 dxc4 37. Qxc4 b5 38. Qd4+
Ka6 39. a4 bxa4 40. Qxa4+ Qa5 41. Qc4+ Kb6 42. Qf7 Qd5+ 43. Qxd5 cxd5 44. Ke2
Kc5 45. Ke3 Kc4 46. Kd2 g5 47. Kc2 h5 48. b3+ Kd4 49. Kd2 f5 50. f3 g4 51. fxg4
fxg4 52. hxg4 hxg4 53. Ke2 Kc3 54. Kf2 d4 55. Ke2 Kc2 56. b4 d3+ 57. Ke3 d2 58.
Ke4 d1=Q 59. Ke5 Qe1+ 60. Kd5 Qxb4 61. Ke5 g3 62. Kd5 g2 63. Ke5 g1=Q 64. Kd5
Qgd4+ 65. Ke6 Qbd6+ 66. Kf5 Q6e5+ 67. Kg6 Qdd6+ 68. Kf7 Qee7+ 69. Kg8 Qdd8# 0-1

[Event "DEM U12w 2016"]
[Site "Willingen GER"]
[Date "2016.05.15"]
[Round "2"]
[White "Otterpohl, Isabel"]
[Black "Basovskiy, Jana"]
[Result "0-1"]
[Termination "normal"]
[Board "5"]
[WhiteElo "1699"]
[BlackElo "1365"]
[PlyCount "104"]
[WhiteFideId "12999180"]
[BlackFideId "16208617"]
[EventCountry "GER"]
[EventRounds "11"]
[EventType "swiss"]
[EventDate "2016.05.14"]

1. e4 c5 2. c3 e6 3. d4 cxd4 4. cxd4 d5 5. exd5 exd5 6. Nf3 Nc6 7. Nc3 Nf6 8.
Bb5 Be7 9. Ne5 Bd7 10. Nxd7 Qxd7 11. O-O O-O 12. Bf4 a6 13. Ba4 Rac8 14. Rc1 b5
15. Bc2 Qa7 16. Be5 Rfd8 17. Re1 Ne8 18. Qd3 g6 19. Bb3 Nf6 20. Rcd1 b4 21. Ne2
Ne4 22. Nf4 Nxe5 23. dxe5 Qxf2+ 24. Kh1 Qxf4 25. Rf1 Nf2+ 26. Rxf2 Qxf2 27. Rf1
Qxb2 28. Qf3 Rf8 29. Qxd5 Rc1 30. Qf3 Rxf1+ 31. Qxf1 Qxe5 32. h3 Bd6 33. Qg1
Re8 34. g3 Qxg3 35. Qxg3 Bxg3 36. Kg2 Be5 37. Kf1 a5 38. Kg2 Kg7 39. Kf1 f5 40.
Kg2 Kf6 41. Kf3 Kg5 42. Ba4 Rd8 43. Bc2 Kh4 44. Kg2 Rd2+ 45. Kf3 Rxc2 46. Ke3
Rc3+ 47. Ke2 Kxh3 48. a3 b3 49. a4 b2 50. Kf2 b1=Q 51. Ke2 Qb2+ 52. Ke1 Rc1#
0-1

[Event "DEM U12w 2016"]
[Site "Willingen GER"]
[Date "2016.05.15"]
[Round "2"]
[White "Schnabel, Luise"]
[Black "Diederich, Greta"]
[Result "1-0"]
[Termination "normal"]
[Board "6"]
[WhiteElo "1621"]
[BlackElo "1215"]
[PlyCount "83"]
[WhiteFideId "12943347"]
[BlackFideId "12988618"]
[EventCountry "GER"]
[EventRounds "11"]
[EventType "swiss"]
[EventDate "2016.05.14"]

1. e4 c5 2. Nf3 Nc6 3. d4 cxd4 4. Nxd4 g6 5. Nc3 Bg7 6. Be3 Nf6 7. Be2 O-O 8.
O-O d5 9. exd5 Nxd5 10. Nxd5 Qxd5 11. Bf3 Qd6 12. Nxc6 bxc6 13. Qxd6 exd6 14.
Bxc6 Rb8 15. Rab1 Rxb2 16. Rxb2 Bxb2 17. Rd1 Ba3 18. Bxa7 Be6 19. Bd5 Rc8 20.
Be4 f5 21. Bd3 h5 22. Bd4 g5 23. Re1 Bd7 24. Re7 Re8 25. Rxd7 Re1+ 26. Bf1 Kf8
27. Ra7 Bc5 28. Bxc5 dxc5 29. a4 Ra1 30. a5 c4 31. a6 g4 32. Rh7 Rxa6 33. Rxh5
Ra5 34. Rh8+ Kg7 35. Rc8 Kf6 36. Rxc4 Ke5 37. Rc8 Kd4 38. c4 f4 39. Rg8 g3 40.
hxg3 Ke4 41. gxf4 Kxf4 42. Rg3 1-0

[Event "DEM U12w 2016"]
[Site "Willingen GER"]
[Date "2016.05.15"]
[Round "2"]
[White "Bayer, Melissa"]
[Black "Bardorz, Jana"]
[Result "1/2-1/2"]
[Termination "normal"]
[Board "7"]
[WhiteElo "1484"]
[BlackElo "1485"]
[PlyCount "106"]
[WhiteFideId "16206916"]
[BlackFideId "16208897"]
[EventCountry "GER"]
[EventRounds "11"]
[EventType "swiss"]
[EventDate "2016.05.14"]

1. e4 e5 2. Nf3 Nc6 3. Bb5 a6 4. Ba4 Nf6 5. O-O Be7 6. Re1 b5 7. Bb3 O-O 8. c3
d6 9. d4 Bg4 10. d5 Na5 11. Bc2 Rc8 12. Nbd2 c6 13. dxc6 Rxc6 14. Nf1 Qc7 15.
h3 Be6 16. Bg5 h6 17. Bh4 Nc4 18. Rb1 Nb6 19. Ne3 Bxa2 20. Ra1 Bc4 21. Rxa6 Qb7
22. Qa1 Ra8 23. Rxa8+ Qxa8 24. Nxc4 Rxc4 25. Qxa8+ Nxa8 26. Bb3 Rc7 27. Ra1 Nb6
28. Ra6 Rb7 29. Bc2 g5 30. Bg3 Nfd7 31. Nd2 Nc5 32. Ra5 Nc4 33. Nxc4 bxc4 34.
Ra2 h5 35. f3 Kg7 36. Bf2 Nb3 37. Ra7 Rxa7 38. Bxa7 Kg6 39. Bxb3 cxb3 40. Kf2
f5 41. c4 g4 42. hxg4 hxg4 43. Ke2 fxe4 44. fxe4 Kg5 45. Be3+ Kh4 46. Bf2+ g3
47. Be3 Bg5 48. Bxg5+ Kxg5 49. Kf3 Kh4 50. Ke2 Kg4 51. Ke3 Kg5 52. Ke2 Kg4 53.
Ke3 Kg5 1/2-1/2

[Event "DEM U12w 2016"]
[Site "Willingen GER"]
[Date "2016.05.15"]
[Round "2"]
[White "Wucherer, Sophie"]
[Black "Sinnhöfer, Lilian"]
[Result "0-1"]
[Termination "normal"]
[Board "8"]
[WhiteElo "1171"]
[BlackElo "1283"]
[PlyCount "56"]
[WhiteFideId "16225473"]
[BlackFideId "12977586"]
[EventCountry "GER"]
[EventRounds "11"]
[EventType "swiss"]
[EventDate "2016.05.14"]

1. d4 d5 2. Bf4 Nf6 3. Nf3 Bf5 4. e3 e6 5. Bd3 Bg6 6. c3 Nc6 7. Qc2 Be7 8. Nbd2
a6 9. O-O-O b5 10. e4 dxe4 11. Nxe4 Nd5 12. Bg3 Rb8 13. b4 a5 14. a3 axb4 15.
axb4 Ra8 16. Nc5 Bg5+ 17. Nxg5 Qxg5+ 18. Kb2 O-O 19. Bxg6 hxg6 20. Ra1 Nb6 21.
Bxc7 Nc4+ 22. Kb3 Qd5 23. Qe2 Nd6+ 24. Kb2 Nc4+ 25. Kc2 Ra3 26. f3 Rfa8 27.
Rxa3 Rxa3 28. Kd3 Nxb4# 0-1

[Event "DEM U12w 2016"]
[Site "Willingen GER"]
[Date "2016.05.15"]
[Round "2"]
[White "Kieckbusch, Lotta"]
[Black "Khamenya, Vitalia"]
[Result "0-1"]
[Termination "normal"]
[Board "9"]
[WhiteElo "993"]
[BlackElo "1611"]
[PlyCount "88"]
[WhiteFideId "16214390"]
[BlackFideId "12959260"]
[EventCountry "GER"]
[EventRounds "11"]
[EventType "swiss"]
[EventDate "2016.05.14"]

1. e4 d5 2. exd5 Qxd5 3. d3 g6 4. Nf3 Bg4 5. Be2 Bg7 6. Nc3 Qd6 7. h3 Bd7 8.
O-O Nf6 9. Be3 c6 10. Ne4 Nxe4 11. dxe4 Qxd1 12. Raxd1 Bxb2 13. Rd2 Bc3 14. Rd3
Ba5 15. Rfd1 Be6 16. a3 Bc4 17. Rd4 Bxe2 18. Rb1 Bc3 19. Ra4 b5 20. Rxa7 Rxa7
21. Bxa7 O-O 22. Nh2 Nd7 23. Rb3 Bg7 24. Ng4 Ra8 25. Be3 Bc4 26. Rb1 Rxa3 27.
Rd1 Be6 28. Bg5 f6 29. Be3 h5 30. Nh2 Kf7 31. Nf3 Nb8 32. Bf4 Na6 33. Nd4 Bc8
34. Nxc6 Rc3 35. Nd4 b4 36. Bd2 Rc4 37. Be3 e5 38. Nb5 Rxc2 39. Nd6+ Ke6 40.
Nb5 Bf8 41. Rd5 b3 42. Rd1 b2 43. Na3 Bxa3 44. Rb1 Bc5 0-1

[Event "DEM U12w 2016"]
[Site "Willingen GER"]
[Date "2016.05.15"]
[Round "2"]
[White "Pavlov, Liliane"]
[Black "Hapke, Lara"]
[Result "1-0"]
[Termination "normal"]
[Board "10"]
[WhiteElo "1445"]
[BlackElo "971"]
[PlyCount "53"]
[WhiteFideId "16225449"]
[BlackFideId "12996572"]
[EventCountry "GER"]
[EventRounds "11"]
[EventType "swiss"]
[EventDate "2016.05.14"]

1. e4 e5 2. Nf3 Nc6 3. d4 exd4 4. Bc4 Bc5 5. c3 dxc3 6. Bxf7+ Ke7 7. Nxc3 Nf6
8. Bb3 Re8 9. O-O Kf8 10. Bg5 h6 11. Bh4 d6 12. Nd5 Be6 13. Re1 Bxd5 14. Bxd5
Ne5 15. Nxe5 Rxe5 16. Qc2 c6 17. Bb3 Rh5 18. Qc4 Qe7 19. e5 Rxe5 20. Rxe5 dxe5
21. Bxf6 Qxf6 22. Qxc5+ Ke8 23. Re1 Kd8 24. Rxe5 Qf4 25. Qe7+ Kc8 26. Be6+ Kb8
27. Qd8# 1-0

[Event "DEM U12w 2016"]
[Site "Willingen GER"]
[Date "2016.05.15"]
[Round "2"]
[White "Reuter, Elisa"]
[Black "Reichelt, Lena"]
[Result "1/2-1/2"]
[Termination "normal"]
[Board "11"]
[WhiteElo "1591"]
[BlackElo "1261"]
[PlyCount "104"]
[WhiteFideId "12995444"]
[BlackFideId "12981184"]
[EventCountry "GER"]
[EventRounds "11"]
[EventType "swiss"]
[EventDate "2016.05.14"]

1. e4 e6 2. d4 d5 3. Nc3 Bb4 4. e5 c5 5. a3 Bxc3+ 6. bxc3 Qb6 7. Qg4 g6 8. Ne2
Nc6 9. Qf4 Nge7 10. g4 Bd7 11. Bg2 c4 12. O-O h5 13. g5 Nf5 14. Bd2 O-O-O 15.
Rfb1 Qc7 16. Ng3 Nce7 17. Nxf5 Nxf5 18. h4 Ba4 19. Rb2 Qe7 20. Raa2 Rdg8 21.
Rb4 Bc6 22. a4 Qd7 23. a5 a6 24. Rb1 Bb5 25. Bc1 Kb8 26. Ba3 Ka8 27. Bc5 Qe8
28. Bb6 Qd7 29. Bc5 Qe8 30. Ba3 Qd7 31. Bc1 Qe8 32. Bd2 Qd7 33. Be1 Qe8 34. f3
Qd7 35. Bf2 Qe7 36. Qc1 Qd7 37. Qa3 Qe7 38. Qxe7 Nxe7 39. Bh3 Nc6 40. Be3 Re8
41. Kh2 Rd8 42. Bc1 Rde8 43. Kg3 Reg8 44. f4 Rd8 45. Ba3 Rde8 46. Bb4 Rd8 47.
Bg2 Rde8 48. Bf3 Rd8 49. Re1 Rde8 50. Raa1 Rd8 51. Ra2 Rde8 52. Kh3 Rd8 1/2-1/2

[Event "DEM U12w 2016"]
[Site "Willingen GER"]
[Date "2016.05.15"]
[Round "2"]
[White "Krömer, Paulina"]
[Black "Ortlepp, Klaudia"]
[Result "0-1"]
[Termination "normal"]
[Board "12"]
[WhiteElo "1643"]
[BlackElo "1407"]
[PlyCount "70"]
[WhiteFideId "16212363"]
[BlackFideId "16206045"]
[EventCountry "GER"]
[EventRounds "11"]
[EventType "swiss"]
[EventDate "2016.05.14"]

1. d4 Nf6 2. Nf3 d5 3. e3 e6 4. c4 c6 5. Nc3 Be7 6. Bd3 O-O 7. O-O Nbd7 8. a3
dxc4 9. Bxc4 Nb6 10. Be2 Nbd5 11. Nxd5 exd5 12. Bd2 Ne4 13. Ne5 Nxd2 14. Qxd2
Bf5 15. b4 a6 16. f4 Bd6 17. Rf3 Be7 18. Bd3 Bxd3 19. Qxd3 Bd6 20. Rh3 h6 21.
Rf1 a5 22. Rff3 axb4 23. Rfg3 Kh8 24. Ng6+ fxg6 25. Rxg6 Rf6 26. Rhg3 Rxg6 27.
Qxg6 Qf8 28. axb4 Ra1+ 29. Kf2 Bxb4 30. Ke2 Be7 31. h3 Ra8 32. Rf3 Qf6 33. Qg4
Ra2+ 34. Kd1 Kh7 35. Qd7 Qg6 0-1

[Event "DEM U12w 2016"]
[Site "Willingen GER"]
[Date "2016.05.15"]
[Round "2"]
[White "Meijerink, Inken"]
[Black "Rudolph, Eva"]
[Result "1-0"]
[Termination "normal"]
[Board "13"]
[WhiteElo "1306"]
[BlackElo "1558"]
[PlyCount "111"]
[WhiteFideId "16225465"]
[BlackFideId "16200594"]
[EventCountry "GER"]
[EventRounds "11"]
[EventType "swiss"]
[EventDate "2016.05.14"]

1. e4 e5 2. Nf3 d6 3. d4 exd4 4. Nxd4 Nf6 5. Nc3 Be7 6. Bd3 O-O 7. Bf1 Re8 8.
Be3 Bf8 9. Bc4 Nxe4 10. Nxe4 d5 11. Nf6+ Qxf6 12. Bxd5 Rd8 13. Qf3 Qxf3 14.
Bxf3 Na6 15. a3 Nc5 16. O-O c6 17. Rad1 a6 18. b4 Ne6 19. Nb3 Bd7 20. Bb6 Be7
21. Bxd8 Rxd8 22. Nc5 Nxc5 23. bxc5 g6 24. Rfe1 Bxc5 25. Rd3 Re8 26. Rxe8+ Bxe8
27. Rd8 Kf8 28. Rb8 Bxa3 29. Rxb7 a5 30. Rb8 Ke7 31. Ra8 Bb4 32. Kf1 c5 33. Ke2
a4 34. Kd1 a3 35. c3 Bxc3 36. Rxa3 Bd4 37. Ra2 Kd6 38. h4 h5 39. g4 hxg4 40.
Bxg4 Ke5 41. h5 f5 42. h6 fxg4 43. Re2+ Kf6 44. Rxe8 Kf7 45. Rc8 Bxf2 46. h7
Bd4 47. h8=Q Bxh8 48. Rxh8 Kf6 49. Ke2 Kf5 50. Rc8 Kf4 51. Kf2 g3+ 52. Kg2 g5
53. Rxc5 Kg4 54. Rc3 Kf4 55. Rxg3 g4 56. Ra3 1-0

[Event "DEM U12w 2016"]
[Site "Willingen GER"]
[Date "2016.05.15"]
[Round "2"]
[White "Dietz, Kristin"]
[Black "Stowicek, Yara Mathilda"]
[Result "1-0"]
[Termination "normal"]
[Board "14"]
[WhiteElo "1432"]
[BlackElo "1394"]
[PlyCount "157"]
[WhiteFideId "12993743"]
[BlackFideId "16203569"]
[EventCountry "GER"]
[EventRounds "11"]
[EventType "swiss"]
[EventDate "2016.05.14"]

1. e4 e5 2. f4 exf4 3. Nf3 Be7 4. Bc4 Nf6 5. Nc3 Nc6 6. O-O O-O 7. d4 d6 8.
Bxf4 Bg4 9. Qd2 a6 10. a4 Nd7 11. Nd5 Bf6 12. Nxf6+ Qxf6 13. c3 Nb6 14. Bd3 Na5
15. Bg5 Qe6 16. Qc2 Qb3 17. Qxb3 Nxb3 18. Ra3 Na5 19. Nd2 f6 20. Be3 d5 21. Bf4
Rf7 22. Rc1 g5 23. Bg3 dxe4 24. Bxe4 f5 25. Bd3 f4 26. Bf2 Kg7 27. c4 Rd8 28.
d5 Nd7 29. b4 Nc6 30. dxc6 bxc6 31. Be4 Nf6 32. Rd3 Rfd7 33. Rxd7+ Rxd7 34. Be1
Rd6 35. Bf3 Bf5 36. Nb3 g4 37. c5 Re6 38. Nd4 Re5 39. Nxf5+ Rxf5 40. Bxc6 f3
41. gxf3 gxf3 42. Bc3 Kg6 43. Bxf6 Rxf6 44. Be4+ Kg7 45. Rf1 Rf4 46. Bxf3 Rxb4
47. Ra1 Kf6 48. Be2 a5 49. Bb5 Kg5 50. Ra2 Rb1+ 51. Kg2 Kg4 52. Bd7+ Kh4 53.
Bf5 Rc1 54. Bxh7 Rxc5 55. Rc2 Rg5+ 56. Kf3 c5 57. Rg2 Rd5 58. Be4 Rd4 59. Rg4+
Kh3 60. Rg5 Kh4 61. Rxc5 Rxa4 62. Kf4 Ra2 63. Rc7 Rf2+ 64. Bf3 Rxf3+ 65. Kxf3
a4 66. Kf4 Kh5 67. Ra7 Kg6 68. Rxa4 Kf6 69. Ra6+ Ke7 70. Kf5 Kd7 71. Ke5 Kc7
72. Kd5 Kb7 73. Rg6 Kc7 74. h4 Kb7 75. h5 Kc7 76. h6 Kb7 77. h7 Kc7 78. h8=Q
Kb7 79. Qh7+ 1-0

[Event "DEM U12w 2016"]
[Site "Willingen GER"]
[Date "2016.05.15"]
[Round "2"]
[White "Orlova, Alicia"]
[Black "Zell, Hannah"]
[Result "1-0"]
[Termination "normal"]
[Board "15"]
[WhiteElo "1285"]
[BlackElo "1371"]
[PlyCount "123"]
[WhiteFideId "34154563"]
[BlackFideId "16208900"]
[EventCountry "GER"]
[EventRounds "11"]
[EventType "swiss"]
[EventDate "2016.05.14"]

1. e4 e5 2. Nf3 Nc6 3. Bc4 Bc5 4. O-O Nf6 5. d3 h6 6. Be3 Bxe3 7. fxe3 d6 8.
Nc3 O-O 9. Nd5 Nxd5 10. Bxd5 Be6 11. Bb3 Bxb3 12. axb3 a6 13. Qe1 Ne7 14. Nh4
Ng6 15. Nxg6 fxg6 16. Qg3 Rxf1+ 17. Rxf1 Qe8 18. Qg4 Rd8 19. Rf3 Rd7 20. Rg3 g5
21. Qe2 Rf7 22. Rf3 Rxf3 23. Qxf3 Qf7 24. Qxf7+ Kxf7 25. Kf2 Kf6 26. d4 h5 27.
h3 c5 28. c3 b5 29. g4 hxg4 30. hxg4 Ke6 31. Ke2 cxd4 32. exd4 a5 33. Kd3 d5
34. c4 bxc4+ 35. bxc4 dxe4+ 36. Kxe4 exd4 37. Kxd4 Kd6 38. c5+ Kc6 39. Kc4 g6
40. b3 Kd7 41. Kd5 Kc7 42. c6 Kc8 43. Kc5 Kc7 44. Kb5 Kc8 45. Kxa5 Kc7 46. b4
Kxc6 47. Ka6 Kd5 48. b5 Ke4 49. b6 Kf4 50. b7 Kxg4 51. b8=Q Kf3 52. Qf8+ Ke4
53. Qf6 g4 54. Qxg6+ Kf4 55. Qf6+ Kg3 56. Kb5 Kg2 57. Kc4 g3 58. Kd3 Kh1 59.
Ke2 g2 60. Qh4+ Kg1 61. Kf3 Kf1 62. Qf2# 1-0

[Event "DEM U12w 2016"]
[Site "Willingen GER"]
[Date "2016.05.15"]
[Round "2"]
[White "Kriuckova, Sonia"]
[Black "Limbach, Anna-Lena"]
[Result "0-1"]
[Termination "normal"]
[Board "16"]
[WhiteElo "1231"]
[BlackElo "1365"]
[PlyCount "58"]
[WhiteFideId "16204310"]
[BlackFideId "12980412"]
[EventCountry "GER"]
[EventRounds "11"]
[EventType "swiss"]
[EventDate "2016.05.14"]

1. e4 e6 2. d4 d5 3. Nc3 Bb4 4. a3 Bxc3+ 5. bxc3 dxe4 6. Qg4 Qf6 7. Qxe4 Ne7 8.
Nf3 O-O 9. Bd3 Nf5 10. g4 Bd7 11. gxf5 exf5 12. Rg1 fxe4 13. Bxe4 Re8 14. Nd2
Bc6 15. f3 Bxe4 16. fxe4 Qh4+ 17. Kd1 Qxh2 18. Re1 Nd7 19. Rb1 b6 20. Bb2 Nf6
21. Bc1 Qh5+ 22. Re2 Nxe4 23. Nxe4 Rxe4 24. Be3 Rae8 25. c4 Rxe3 26. Kc1 Qxe2
27. Kb2 Qxc4 28. a4 Qb4+ 29. Ka2 Ra3# 0-1

[Event "DEM U12w 2016"]
[Site "Willingen GER"]
[Date "2016.05.15"]
[Round "2"]
[White "Visvikis, Kassandra"]
[Black "Schmidt, Pauline"]
[Result "1-0"]
[Termination "normal"]
[Board "17"]
[WhiteElo "1342"]
[BlackElo "1142"]
[PlyCount "105"]
[WhiteFideId "36052167"]
[BlackFideId "16209850"]
[EventCountry "GER"]
[EventRounds "11"]
[EventType "swiss"]
[EventDate "2016.05.14"]

1. e4 e5 2. Nf3 Nc6 3. Bb5 Bc5 4. Bxc6 dxc6 5. d3 Nf6 6. Nxe5 Bxf2+ 7. Kxf2
Qd4+ 8. Ke1 Qxe5 9. h3 Be6 10. Nc3 O-O-O 11. Qf3 g5 12. g4 h6 13. Be3 Rhf8 14.
d4 Rxd4 15. Bxd4 Qxd4 16. Rd1 Qe5 17. Rd2 Nd5 18. Nxd5 cxd5 19. Re2 Qxb2 20.
exd5 Bd7 21. c3 Qb6 22. Qe3 Qb1+ 23. Kf2 Qxh1 24. Qxa7 Bb5 25. Qa8+ Kd7 26.
Qxf8 Bxe2 27. Qxf7+ Kd6 28. Qe6+ Kc5 29. Qxe2 Qxd5 30. Qe7+ Kc6 31. Qf6+ Qd6
32. Qxd6+ Kxd6 33. Ke2 Ke6 34. Kd3 Kd5 35. c4+ Kd6 36. Kd4 c5+ 37. Ke4 Ke6 38.
a3 Kd6 39. Kf5 b6 40. a4 Ke7 41. Kg6 Ke6 42. Kxh6 Kf6 43. Kh5 Kf7 44. Kxg5 Kg7
45. h4 Kh8 46. Kf5 Kg7 47. g5 Kg8 48. h5 Kf7 49. h6 Kg8 50. Kf6 Kh7 51. Kf7 Kh8
52. h7 Kxh7 53. g6+ 1-0

[Event "DEM U12w 2016"]
[Site "Willingen GER"]
[Date "2016.05.15"]
[Round "2"]
[White "Fuchs, Emily"]
[Black "Delgado, Celina"]
[Result "1/2-1/2"]
[Termination "normal"]
[Board "18"]
[WhiteElo "1027"]
[BlackElo "1405"]
[PlyCount "66"]
[WhiteFideId "16208986"]
[BlackFideId "12993735"]
[EventCountry "GER"]
[EventRounds "11"]
[EventType "swiss"]
[EventDate "2016.05.14"]

1. e4 e5 2. Nf3 Nc6 3. d4 exd4 4. Nxd4 Nf6 5. Nc3 d6 6. Bc4 Be7 7. O-O O-O 8.
Bb5 Ne5 9. f4 Ng6 10. Nf5 c6 11. Bd3 Re8 12. b3 d5 13. e5 Nd7 14. Bb2 Nc5 15.
Ne2 Nxd3 16. Qxd3 Bc5+ 17. Kh1 Ne7 18. Neg3 Nxf5 19. Nxf5 Be6 20. Rf3 Qd7 21.
Nh4 Bg4 22. Rff1 Be7 23. Qg3 Bxh4 24. Qxh4 Bf5 25. Rac1 Qe6 26. Rf3 Rad8 27.
Kg1 c5 28. Qe1 b6 29. b4 Qc6 30. Qc3 Qb5 31. e6 d4 32. exf7+ Kxf7 33. Qb3+ c4
1/2-1/2

[Event "DEM U12w 2016"]
[Site "Willingen GER"]
[Date "2016.05.15"]
[Round "2"]
[White "Wittich, Carlotta"]
[Black "Kiesel, Lara"]
[Result "0-1"]
[Termination "normal"]
[Board "19"]
[WhiteElo "952"]
[BlackElo "1318"]
[PlyCount "74"]
[WhiteFideId "16217411"]
[BlackFideId "12973785"]
[EventCountry "GER"]
[EventRounds "11"]
[EventType "swiss"]
[EventDate "2016.05.14"]

1. e4 e6 2. d4 d5 3. e5 c5 4. c3 Qb6 5. Nf3 Nc6 6. a3 Nh6 7. b4 cxd4 8. cxd4
Nf5 9. Be3 Nxe3 10. fxe3 Be7 11. Nc3 a6 12. g3 O-O 13. Bh3 a5 14. b5 Na7 15. a4
Bb4 16. Qc2 Qc7 17. Rc1 Bd7 18. O-O Rac8 19. Rfd1 Qxc3 20. Qxc3 Bxc3 21. Rd3
Bb4 22. Rdd1 b6 23. Ne1 Rxc1 24. Rxc1 Rc8 25. Nd3 Rxc1+ 26. Nxc1 Bd2 27. Nb3
Bxe3+ 28. Kh1 Nxb5 29. axb5 Bxb5 30. Bg2 a4 31. Na1 Bxd4 32. h3 Bxa1 33. Kg1
Bd4+ 34. Kh2 a3 35. g4 a2 36. Bf3 a1=Q 37. Bg2 Bxe5# 0-1

[Event "DEM U12w 2016"]
[Site "Willingen GER"]
[Date "2016.05.15"]
[Round "2"]
[White "Peglau, Mirjam"]
[Black "Schwegler, Jelena"]
[Result "1-0"]
[Termination "normal"]
[Board "20"]
[WhiteElo "1314"]
[BlackElo "912"]
[PlyCount "97"]
[WhiteFideId "16211138"]
[BlackFideId "16225481"]
[EventCountry "GER"]
[EventRounds "11"]
[EventType "swiss"]
[EventDate "2016.05.14"]

1. e4 e5 2. Nf3 Nc6 3. Bc4 Bc5 4. O-O Nf6 5. d4 Nxd4 6. Nxe5 O-O 7. Be3 d6 8.
Nxf7 Rxf7 9. Bxf7+ Kxf7 10. Bxd4 Be6 11. Bxc5 dxc5 12. Qxd8 Rxd8 13. Nc3 c6 14.
Rad1 Rxd1 15. Rxd1 b5 16. f3 b4 17. Ne2 Bxa2 18. b3 c4 19. Ra1 cxb3 20. cxb3
Bxb3 21. Rxa7+ Kf8 22. Nd4 Bf7 23. Nxc6 b3 24. Rb7 Be8 25. Nd4 Ba4 26. Nxb3
Bxb3 27. Rxb3 g5 28. Kf2 g4 29. Kg3 h5 30. h3 Kg7 31. e5 Nd5 32. hxg4 hxg4 33.
Kxg4 Kf7 34. f4 Ke6 35. Rd3 Ne7 36. Rd6+ Kf7 37. Rd7 Ke6 38. Rxe7+ Kxe7 39. Kf5
Kf7 40. g4 Kg7 41. Ke6 Kg6 42. Kd7 Kf7 43. e6+ Kg6 44. e7 Kf6 45. e8=Q Kg7 46.
Ke7 Kh6 47. Kf6 Kh7 48. Qf7+ Kh8 49. Qg7# 1-0

[Event "DEM U12w 2016"]
[Site "Willingen GER"]
[Date "2016.05.16"]
[Round "3"]
[White "Kunisch, Nina"]
[Black "Schnabel, Luise"]
[Result "1/2-1/2"]
[Termination "normal"]
[Board "1"]
[WhiteElo "1480"]
[BlackElo "1621"]
[WhiteClock "00:35:06"]
[BlackClock "00:01:20"]
[PlyCount "87"]
[WhiteFideId "12982849"]
[BlackFideId "12943347"]
[EventCountry "GER"]
[EventRounds "11"]
[EventType "swiss"]
[EventDate "2016.05.14"]

1. e4 c5 2. Nf3 d6 3. Bb5+ Nd7 4. d4 cxd4 5. Qxd4 a6 6. Bxd7+ Qxd7 7. Nc3 e6 8.
O-O Nf6 9. Bg5 Be7 10. Rad1 b5 11. e5 dxe5 12. Nxe5 Qxd4 13. Rxd4 h6 14. Bf4
O-O 15. Rfd1 b4 16. Na4 Nd5 17. Nc6 Bf6 18. Rxd5 exd5 19. Nb6 Bb7 20. Nxa8 Bxc6
21. Nc7 a5 22. Nxd5 Bxd5 23. Rxd5 Bxb2 24. Rxa5 Rc8 25. g3 Rxc2 26. Ra4 Ba3 27.
Kg2 Rxa2 28. Bd6 Ra1 29. Bxb4 Bb2 30. Rxa1 Bxa1 31. f3 g6 32. g4 Be5 33. h4 h5
34. Bd2 Kg7 35. Kh3 hxg4+ 36. Kxg4 f6 37. Bf4 Bd4 38. Bd6 Kf7 39. f4 Be3 40.
Kf3 Bd2 41. Kg4 Be3 42. Kf3 Bd2 43. Ke2 Bc1 44. Kf3 1/2-1/2

[Event "DEM U12w 2016"]
[Site "Willingen GER"]
[Date "2016.05.16"]
[Round "3"]
[White "Sinnhöfer, Lilian"]
[Black "Ziegenfuß, Antonia"]
[Result "1/2-1/2"]
[Termination "normal"]
[Board "2"]
[WhiteElo "1283"]
[BlackElo "1560"]
[WhiteClock "00:12:59"]
[BlackClock "00:04:02"]
[PlyCount "67"]
[WhiteFideId "12977586"]
[BlackFideId "12962554"]
[EventCountry "GER"]
[EventRounds "11"]
[EventType "swiss"]
[EventDate "2016.05.14"]

1. e4 e5 2. Nf3 Nc6 3. Bb5 a6 4. Bxc6 dxc6 5. O-O Ne7 6. Nxe5 Qd4 7. Qh5 g6 8.
Nf3 Qxe4 9. Qa5 Qf4 10. d3 Qd6 11. Qc3 f6 12. Nbd2 Nd5 13. Re1+ Be6 14. Qd4
O-O-O 15. c3 Bg7 16. Ne4 Qe7 17. Nc5 Rd6 18. Bf4 Nxf4 19. Qxf4 b6 20. Nxa6 Kb7
21. Nb4 Qf7 22. Re2 Rdd8 23. Rae1 Rhe8 24. Qe4 Bd7 25. Qf4 Rxe2 26. Rxe2 Re8
27. Rxe8 Qxe8 28. Qe4 Qf7 29. b3 f5 30. Qe1 c5 31. Nc2 Bc6 32. c4 Qd7 33. Qe2
Qd6 34. h3 1/2-1/2

[Event "DEM U12w 2016"]
[Site "Willingen GER"]
[Date "2016.05.16"]
[Round "3"]
[White "Basovskiy, Jana"]
[Black "Brunner, Sophia"]
[Result "1/2-1/2"]
[Termination "normal"]
[Board "3"]
[WhiteElo "1365"]
[BlackElo "1602"]
[WhiteClock "00:12:03"]
[BlackClock "00:10:31"]
[PlyCount "67"]
[WhiteFideId "16208617"]
[BlackFideId "12960683"]
[EventCountry "GER"]
[EventRounds "11"]
[EventType "swiss"]
[EventDate "2016.05.14"]

1. e4 e5 2. Nf3 Nf6 3. Nxe5 d6 4. Nf3 Nxe4 5. d4 d5 6. Bd3 Bd6 7. O-O O-O 8.
Re1 Re8 9. h3 h6 10. Nbd2 Bf5 11. Nf1 Nd7 12. Ne3 Be6 13. c3 c6 14. Qc2 Ndf6
15. b3 Qd7 16. Bb2 Qc7 17. c4 b6 18. Rac1 Rac8 19. cxd5 cxd5 20. Qxc7 Bxc7 21.
Ba6 Bd6 22. Bxc8 Bxc8 23. Ne5 Ba6 24. Nc6 Kh8 25. a3 Nxf2 26. Kxf2 Ne4+ 27. Kf3
Nd2+ 28. Kf2 Ne4+ 29. Kg1 Bg3 30. Nxd5 Bf2+ 31. Kh2 Bg3+ 32. Kg1 Bf2+ 33. Kh2
Bg3+ 34. Kg1 1/2-1/2